[Event "CRO-ch U13"]
[Site "Trogir"]
[Date "2018.06.18"]
[Round "5"]
[White "Vucenovic, Damian"]
[Black "Hajpek, Erik"]
[Result "0-1"]
[WhiteElo "1738"]
[BlackElo "1762"]
[PlyCount "70"]
[EventDate "2018.06.16"]
[EventType "swiss"]
[EventRounds "9"]
[EventCountry "CRO"]
[SourceTitle "EXT 2019"]
[Source "ChessBase"]
[SourceDate "2018.10.10"]
[SourceVersion "1"]
[SourceVersionDate "2018.10.10"]
[SourceQuality "1"]

1. e4 Nf6 2. e5 Nd5 3. d4 d6 4. exd6 cxd6 5. Bc4 Nb6 6. Bb3 g6 7. Nf3 Bg7 8. c3 0-0 9. 0-0 Nc6 10. Re1 Bg4 11. Nbd2 e5 12. h3 Bf5 13. Nf1 e4 14. N3d2 d5 15. f3 Re8 16. fxe4 dxe4 17. Ng3 Qh4 18. Nxf5 gxf5 19. Rf1 f4 20. Qe2 e3 21. Nc4 Nxc4 22. Bxc4 Rad8 23. Qf3 Bh6 24. b4 Rd6 25. Bd3 Rde6 26. Bb2 e2 27. Rfe1 Re3 28. Bxh7+ Kxh7 29. Qd5 Kg8 30. Qd7 f3 31. gxf3 Qg3+ 32. Kh1 Qxf3+ 33. Kh2 Bf4+ 34. Kg1 Qg3+ 35. Kh1 Qh2# 0-1

[Event "CRO-ch U17"]
[Site "Vinkovci"]
[Date "2017.07.30"]
[Round "9"]
[White "Simunic, Krunoslav"]
[Black "Hajpek, Erik"]
[Result "1-0"]
[WhiteElo "1993"]
[BlackElo "1755"]
[PlyCount "47"]
[EventDate "2017.07.24"]
[EventType "swiss"]
[EventRounds "9"]
[EventCountry "CRO"]
[SourceTitle "EXT 2018"]
[Source "ChessBase"]
[SourceDate "2017.10.13"]
[SourceVersion "1"]
[SourceVersionDate "2017.10.13"]
[SourceQuality "1"]

1. d4 Nf6 2. c4 g6 3. g3 Bg7 4. Bg2 d6 5. Nf3 0-0 6. 0-0 c5 7. Nc3 Nc6 8. e4 e5 9. dxe5 dxe5 10. Qxd8 Rxd8 11. Bg5 h6 12. Bxf6 Bxf6 13. Nd5 Bg7 14. Rfe1 Be6 15. Red1 Nd4 16. Nxd4 exd4 17. f4 Bg4 18. Rd2 f6 19. h3 Bd7 20. Re1 Kf7 21. e5 fxe5 22. fxe5 Rab8 23. e6+ Bxe6 24. Rf2+ 1-0

[Event "CRO-ch U17"]
[Site "Vinkovci"]
[Date "2017.07.29"]
[Round "8"]
[White "Cotic, Borna"]
[Black "Hajpek, Erik"]
[Result "1-0"]
[WhiteElo "2087"]
[BlackElo "1755"]
[PlyCount "85"]
[EventDate "2017.07.24"]
[EventType "swiss"]
[EventRounds "9"]
[EventCountry "CRO"]
[SourceTitle "EXT 2018"]
[Source "ChessBase"]
[SourceDate "2017.10.13"]
[SourceVersion "1"]
[SourceVersionDate "2017.10.13"]
[SourceQuality "1"]

1. e4 e5 2. Nf3 Nc6 3. Nc3 Nf6 4. d4 exd4 5. Nxd4 Bc5 6. Be3 Bb6 7. Qd2 0-0 8. 0-0-0 d5 9. exd5 Nxd5 10. Nxc6 bxc6 11. Nxd5 cxd5 12. Qxd5 Qxd5 13. Rxd5 Bb7 14. Rd3 Rfe8 15. Bxb6 axb6 16. a3 Re1+ 17. Rd1 Rae8 18. f3 g6 19. Bd3 R1e5 20. Rd2 Kg7 21. Kd1 f5 22. Re2 Rxe2 23. Bxe2 g5 24. Bd3 Kf6 25. Re1 Rd8 26. Ke2 h5 27. Kf2 Bc6 28. Bc4 Rd6 29. g3 Bd7 30. Bd3 Bc6 31. f4 g4 32. Re5 Bd7 33. Ke3 Be6 34. Kd2 c5 35. Kc3 c4 36. Be2 Bd5 37. a4 Bf3 38. Bxc4 Rd1 39. Bd3 Rh1 40. Rxf5+ Kg6 41. Rg5+ Kh6 42. Rg6+ Kh7 43. Rxg4+ 1-0

[Event "CRO-ch U17"]
[Site "Vinkovci"]
[Date "2017.07.27"]
[Round "6"]
[White "Hajpek, Erik"]
[Black "Ghersinich, Enrico"]
[Result "0-1"]
[WhiteElo "1755"]
[BlackElo "2165"]
[PlyCount "50"]
[EventDate "2017.07.24"]
[EventType "swiss"]
[EventRounds "9"]
[EventCountry "CRO"]
[SourceTitle "EXT 2018"]
[Source "ChessBase"]
[SourceDate "2017.10.13"]
[SourceVersion "1"]
[SourceVersionDate "2017.10.13"]
[SourceQuality "1"]

1. d4 Nf6 2. c4 c5 3. d5 b5 4. b3 g6 5. Bb2 Bg7 6. Nd2 0-0 7. e4 Qa5 8. Bd3 bxc4 9. bxc4 d6 10. Ne2 Nbd7 11. f4 Nxd5 12. exd5 Bxb2 13. Rb1 Bg7 14. Qc2 Ba6 15. 0-0 Rab8 16. Nb3 Qa3 17. Rf3 Rb4 18. Rh3 Qa4 19. f5 Ne5 20. fxg6 fxg6 21. Nc3 Qd7 22. Nb5 Bxb5 23. cxb5 Nxd3 24. Qxd3 c4 25. Qd2 cxb3 0-1

[Event "CRO-chT U16 final"]
[Site "Djurdjevac"]
[Date "2016.12.27"]
[Round "1.12"]
[White "Cvitan, Ena"]
[Black "Hajpek, Erik"]
[Result "1/2-1/2"]
[WhiteElo "2079"]
[BlackElo "1708"]
[PlyCount "77"]
[EventDate "2016.12.27"]
[EventType "team-tourn"]
[EventRounds "7"]
[EventCountry "CRO"]
[SourceTitle "EXT 2019"]
[Source "ChessBase"]
[SourceDate "2018.10.10"]
[SourceVersion "1"]
[SourceVersionDate "2018.10.10"]
[SourceQuality "1"]

1. Nf3 d5 2. e3 Nf6 3. b3 c5 4. Bb2 e6 5. d4 a6 6. Bd3 Nc6 7. a3 cxd4 8. exd4 Bd6 9. 0-0 0-0 10. Nbd2 Re8 11. Re1 Nd7 12. c4 dxc4 13. Nxc4 Bc7 14. Rc1 b5 15. Nce5 Ncxe5 16. dxe5 Bb7 17. Bxh7+ Kxh7 18. Qc2+ Kg8 19. Qxc7 Bxf3 20. Qxd8 Rexd8 21. gxf3 Nb6 22. Red1 Nd5 23. Rc6 a5 24. Bc1 b4 25. a4 Rdc8 26. Rd6 Rc3 27. Bg5 Rxb3 28. Kg2 Ra3 29. h4 Rxa4 30. h5 b3 31. h6 gxh6 32. Bc1 Rb4 33. Ba3 Rb5 34. Rd7 b2 35. Rb1 Rab8 36. Kh2 Nc3 37. Rg1+ Kh8 38. Be7 Nd5 39. Rxd5 1/2-1/2

[Event "EU-ch U12 26th"]
[Site "Prague"]
[Date "2016.08.25"]
[Round "7"]
[White "Hajpek, Erik"]
[Black "Wartiovaara, Oliver"]
[Result "0-1"]
[WhiteElo "1701"]
[BlackElo "1514"]
[PlyCount "54"]
[EventDate "2016.08.18"]
[EventType "swiss"]
[EventRounds "9"]
[EventCountry "CZE"]
[SourceTitle "CBM 174 Extra"]
[Source "ChessBase"]
[SourceDate "2016.10.10"]
[SourceVersion "1"]
[SourceVersionDate "2016.10.10"]
[SourceQuality "1"]

1. e4 c5 2. Nf3 d6 3. d4 cxd4 4. Nxd4 Nf6 5. Nc3 g6 6. Be3 Bg7 7. f3 Nc6 8. Qd2 0-0 9. 0-0-0 d5 10. Nxc6 bxc6 11. exd5 Nxd5 12. Nxd5 cxd5 13. Qxd5 Qc7 14. Qc5 Qb7 15. c3 Be6 16. Qa3 Rfd8 17. Bd3 Be5 18. Be4 Bd5 19. Bxd5 Rxd5 20. Rxd5 Qxd5 21. Rd1 Qe6 22. h4 Bd6 23. Rxd6 Qxd6 24. Qa4 Rd8 25. f4 Qd3 26. Bd4 Qf1+ 27. Qd1 Qxf4+ 0-1

[Event "CRO-chT U16"]
[Site "Nasice"]
[Date "2015.12.29"]
[Round "5.3"]
[White "Hajpek, Erik"]
[Black "Starcevic, Ante Leon"]
[Result "1/2-1/2"]
[WhiteElo "1581"]
[BlackElo "1971"]
[PlyCount "98"]
[EventDate "2015.12.27"]
[EventType "team-tourn"]
[EventRounds "7"]
[EventCountry "CRO"]
[SourceTitle "EXT 2019"]
[Source "ChessBase"]
[SourceDate "2018.10.10"]
[SourceVersion "1"]
[SourceVersionDate "2018.10.10"]
[SourceQuality "1"]

1. e4 c5 2. Nf3 Nc6 3. d4 cxd4 4. Nxd4 g6 5. Nc3 Bg7 6. Be3 Nf6 7. f3 d5 8. Bb5 0-0 9. Bxc6 bxc6 10. Nxc6 Qc7 11. exd5 e6 12. 0-0 Nxd5 13. Nxd5 exd5 14. Nd4 Re8 15. Qd2 Ba6 16. Rfe1 Rac8 17. c3 Qc4 18. Nb3 Re7 19. Bg5 Re2 20. Rxe2 Qxe2 21. Qxe2 Bxe2 22. Re1 Bc4 23. Nd4 h6 24. Bd2 Bxa2 25. Ra1 Bc4 26. Rxa7 Rb8 27. b4 Bxd4+ 28. cxd4 Kg7 29. Bf4 Rb6 30. Bc7 Ra6 31. Rxa6 Bxa6 32. Kf2 f5 33. Ke3 Kf6 34. g4 fxg4 35. fxg4 h5 36. gxh5 gxh5 37. Kf4 Be2 38. h4 Bb5 39. Bd8+ Ke6 40. Kg5 Be2 41. b5 Bxb5 42. Kxh5 Kf7 43. Kg5 Kg7 44. h5 Bd3 45. h6+ Kh7 46. Be7 Be4 47. Bf8 Bd3 48. Kf6 Be4 49. Ke5 Bh1 1/2-1/2

[Event "EU-ch U10 25th"]
[Site "Porec"]
[Date "2015.09.28"]
[Round "7"]
[White "Hajpek, Erik"]
[Black "Grachev, Alexey1"]
[Result "1/2-1/2"]
[WhiteElo "1571"]
[BlackElo "1853"]
[PlyCount "58"]
[EventDate "2015.09.21"]
[EventType "swiss"]
[EventRounds "9"]
[EventCountry "CRO"]
[SourceTitle "EXT 2016"]
[Source "ChessBase"]
[SourceDate "2015.10.08"]
[SourceVersion "1"]
[SourceVersionDate "2015.10.08"]
[SourceQuality "1"]

1. e4 c5 2. Nf3 Nc6 3. d4 cxd4 4. Nxd4 g6 5. Nc3 Bg7 6. Nb3 Nf6 7. Be3 0-0 8. f3 d6 9. Qd2 Be6 10. 0-0-0 a6 11. Bh6 b5 12. h4 b4 13. Ne2 a5 14. h5 Bxh6 15. Qxh6 Bxb3 16. cxb3 Qc7 17. Kb1 e5 18. g4 Rfd8 19. Ng3 Nd4 20. Bd3 d5 21. Nf5 Ne8 22. Nxd4 exd4 23. exd5 Rd6 24. Rd2 Qe7 25. Rdh2 Ra7 26. Re2 Qf8 27. Qxf8+ Kxf8 28. hxg6 fxg6 29. Be4 Rf6 1/2-1/2

[Event "EU-ch U10 25th"]
[Site "Porec"]
[Date "2015.09.24"]
[Round "4"]
[White "Hajpek, Erik"]
[Black "Davidov, Lazar"]
[Result "1-0"]
[WhiteElo "1571"]
[BlackElo "1330"]
[PlyCount "71"]
[EventDate "2015.09.21"]
[EventType "swiss"]
[EventRounds "9"]
[EventCountry "CRO"]
[SourceTitle "EXT 2016"]
[Source "ChessBase"]
[SourceDate "2015.10.08"]
[SourceVersion "1"]
[SourceVersionDate "2015.10.08"]
[SourceQuality "1"]

1. e4 e6 2. d4 d5 3. Nd2 dxe4 4. Nxe4 Nd7 5. Nf3 Ngf6 6. Nxf6+ Nxf6 7. Bd3 c5 8. 0-0 cxd4 9. Nxd4 Be7 10. Bf4 0-0 11. Nb3 b6 12. Qf3 Qd5 13. Qxd5 Nxd5 14. Be4 Bb7 15. c4 Nxf4 16. Bxb7 Rad8 17. Rfe1 Bf6 18. c5 Nd3 19. c6 Rb8 20. Red1 Nb4 21. Rd2 Nd5 22. Nd4 Rfe8 23. g3 Kf8 24. f4 g6 25. Nb5 a5 26. Rc1 Bd8 27. c7 Bxc7 28. Nxc7 Re7 29. Nxd5 exd5 30. Bxd5 Rd7 31. Rcd1 Rbd8 32. Kf2 Rd6 33. Ke1 Re8+ 34. Re2 Red8 35. Bb3 Rxd1+ 36. Bxd1 1-0

[Event "EU-ch U10 25th"]
[Site "Porec"]
[Date "2015.09.23"]
[Round "3"]
[White "Oglaza, Oskar"]
[Black "Hajpek, Erik"]
[Result "1-0"]
[WhiteElo "2046"]
[BlackElo "1571"]
[PlyCount "37"]
[EventDate "2015.09.21"]
[EventType "swiss"]
[EventRounds "9"]
[EventCountry "CRO"]
[SourceTitle "EXT 2016"]
[Source "ChessBase"]
[SourceDate "2015.10.08"]
[SourceVersion "1"]
[SourceVersionDate "2015.10.08"]
[SourceQuality "1"]

1. e4 e5 2. Nf3 Nc6 3. d4 exd4 4. Nxd4 Nf6 5. Nxc6 bxc6 6. Qe2 Qe7 7. Nc3 h6 8. Bd2 Bb7 9. 0-0-0 g6 10. Bf4 0-0-0 11. Rd4 Bg7 12. Ra4 Kb8 13. Be3 a6 14. Rxa6 Bxa6 15. Qxa6 d6 16. Qa7+ Kc8 17. g3 Nh5 18. Bh3+ f5 19. exf5 1-0

[Event "EU-ch U10 25th"]
[Site "Porec"]
[Date "2015.09.22"]
[Round "2"]
[White "Paduano, Claudio"]
[Black "Hajpek, Erik"]
[Result "1-0"]
[WhiteElo "1866"]
[BlackElo "1571"]
[PlyCount "65"]
[EventDate "2015.09.21"]
[EventType "swiss"]
[EventRounds "9"]
[EventCountry "CRO"]
[SourceTitle "EXT 2016"]
[Source "ChessBase"]
[SourceDate "2015.10.08"]
[SourceVersion "1"]
[SourceVersionDate "2015.10.08"]
[SourceQuality "1"]

1. d4 d5 2. c4 c6 3. Nf3 Nf6 4. Nc3 e6 5. e3 Nbd7 6. Bd3 dxc4 7. Bxc4 b5 8. Bd3 b4 9. Ne2 c5 10. Bd2 Bb7 11. 0-0 Be7 12. Ng3 0-0 13. a3 a5 14. Bb5 Qb6 15. Bxd7 Nxd7 16. axb4 cxb4 17. e4 Nf6 18. Re1 Rac8 19. Bf4 Rfd8 20. Rc1 Rxc1 21. Qxc1 a4 22. Bc7 Qa7 23. Bxd8 Bxd8 24. Qd2 a3 25. Qxb4 a2 26. Ra1 Nxe4 27. Qb5 Nf6 28. Nh5 g6 29. Qg5 Nxh5 30. Qxd8+ Kg7 31. Qe7 Qa4 32. Qxb7 Qc2 33. Qb5 1-0

[Event "Adriatic U12 op"]
[Site "Split"]
[Date "2015.08.28"]
[Round "5"]
[White "Hajpek, Erik"]
[Black "Bunoust, Lucas"]
[Result "1-0"]
[WhiteElo "1571"]
[BlackElo "1825"]
[PlyCount "97"]
[EventDate "2015.08.25"]
[EventType "swiss"]
[EventRounds "9"]
[EventCountry "CRO"]
[SourceTitle "EXT 2016"]
[Source "ChessBase"]
[SourceDate "2015.10.08"]
[SourceVersion "1"]
[SourceVersionDate "2015.10.08"]
[SourceQuality "1"]

1. e4 c5 2. Nc3 e6 3. f4 a6 4. Nf3 b5 5. d3 Bb7 6. g3 Be7 7. Bg2 Nf6 8. Qe2 d5 9. 0-0 0-0 10. e5 Nfd7 11. d4 Qb6 12. Be3 Nc6 13. dxc5 Bxc5 14. Bxc5 Nxc5 15. Kh1 Rac8 16. a3 a5 17. b4 axb4 18. axb4 Nxb4 19. Rab1 Nca6 20. Qxb5 Qxb5 21. Nxb5 Rxc2 22. Nd6 Ba8 23. Nd4 Rd2 24. N4b5 d4 25. Bxa8 Rxa8 26. Rfd1 Rxd1+ 27. Rxd1 d3 28. Kg2 h6 29. Kf3 Nc5 30. Ke3 Nd5+ 31. Kd4 Na4 32. Rxd3 Nb4 33. Rd1 Nc6+ 34. Ke3 Nb6 35. Rc1 Nd5+ 36. Kf3 Nce7 37. Nc7 Ra3+ 38. Kg4 Ne3+ 39. Kh3 g5 40. fxg5 hxg5 41. Nce8 g4+ 42. Kh4 Ng6+ 43. Kg5 Nxe5 44. Rc8 Nf3+ 45. Kh6 Kf8 46. Nf6+ Ke7 47. Nde4 Nf5+ 48. Kh5 Nxh2 49. Re8# 1-0

[Event "EU Union-ch U09 12th"]
[Site "Mureck"]
[Date "2014.08.06"]
[Round "8"]
[White "Hvala, Arja Ela"]
[Black "Hajpek, Erik"]
[Result "0-1"]
[WhiteElo "1199"]
[BlackElo "1561"]
[PlyCount "38"]
[EventDate "2014.07.30"]
[EventType "swiss"]
[EventRounds "9"]
[EventCountry "AUT"]
[SourceTitle "CBM 161 Extra"]
[Source "ChessBase"]
[SourceDate "2014.08.29"]
[SourceVersion "1"]
[SourceVersionDate "2014.08.29"]
[SourceQuality "1"]

1. e4 e5 2. Nf3 Nc6 3. Bc4 Bc5 4. 0-0 Nf6 5. d3 d6 6. h3 a6 7. a4 Be6 8. Bxe6 fxe6 9. Bg5 h6 10. Bh4 g5 11. Bg3 Rg8 12. Nc3 h5 13. h4 gxh4 14. Bxh4 Rg4 15. Qd2 Nd4 16. Bg3 Rxg3 17. Kh1 Nxf3 18. gxf3 Nxe4 19. Nxe4 Qh4# 0-1

[Event "EU Union-ch U09 12th"]
[Site "Mureck"]
[Date "2014.08.04"]
[Round "6"]
[White "Hajpek, Erik"]
[Black "Wagner, Leopold Franziskus"]
[Result "1-0"]
[WhiteElo "1561"]
[BlackElo "1626"]
[PlyCount "153"]
[EventDate "2014.07.30"]
[EventType "swiss"]
[EventRounds "9"]
[EventCountry "AUT"]
[SourceTitle "CBM 161 Extra"]
[Source "ChessBase"]
[SourceDate "2014.08.29"]
[SourceVersion "1"]
[SourceVersionDate "2014.08.29"]
[SourceQuality "1"]

1. e4 e6 2. d4 d5 3. Nd2 Nf6 4. e5 Nfd7 5. Bd3 c5 6. c3 Nc6 7. Ne2 Qb6 8. Nf3 cxd4 9. cxd4 f6 10. exf6 Nxf6 11. Ne5 Nxe5 12. dxe5 Nd7 13. 0-0 Nxe5 14. Nf4 Nxd3 15. Qxd3 Bc5 16. Nh5 0-0 17. Qg3 Rf7 18. Be3 Bd7 19. Rac1 Bxe3 20. fxe3 Raf8 21. Rxf7 Rxf7 22. h3 Bc6 23. Qb8+ Rf8 24. Qe5 Rf7 25. Qxe6 Qd8 26. Nf4 Qe7 27. Rc3 Qxe6 28. Nxe6 Re7 29. Nd4 a6 30. Nxc6 bxc6 31. Rxc6 Rxe3 32. Rxa6 Re2 33. b4 Rb2 34. a3 d4 35. Rd6 Ra2 36. Rxd4 Rxa3 37. Rd8+ Kf7 38. Rb8 Rb3 39. Kf2 Kf6 40. Ke2 h6 41. Kd2 Rb2+ 42. Kc3 Rxg2 43. Kc4 Rg3 44. b5 Rxh3 45. b6 g5 46. b7 Rh4+ 47. Kc5 Rh1 48. Rf8+ Ke6 49. b8Q Rc1+ 50. Kd4 Rd1+ 51. Ke3 Re1+ 52. Kd2 Re5 53. Qc8+ Kd5 54. Rd8+ Ke4 55. Re8 h5 56. Qc6+ Kf4 57. Rf8+ Kg4 58. Qf3+ Kh4 59. Rh8 g4 60. Qh1+ Kg5 61. Rxh5+ Kf4 62. Rxe5 Kxe5 63. Qg2 Kf4 64. Ke2 g3 65. Qf3+ Ke5 66. Qxg3+ Kd5 67. Qf4 Kc5 68. Kd3 Kd5 69. Qf5+ Kc6 70. Kd4 Kd6 71. Qf6+ Kd7 72. Ke5 Kc7 73. Kd5 Kb7 74. Kc5 Kc7 75. Qf7+ Kd8 76. Kc6 Kc8 77. Qe8# 1-0

[Event "EU Union-ch U09 12th"]
[Site "Mureck"]
[Date "2014.07.30"]
[Round "1"]
[White "Lukac, Alina"]
[Black "Hajpek, Erik"]
[Result "0-1"]
[WhiteElo "1088"]
[BlackElo "1561"]
[PlyCount "46"]
[EventDate "2014.07.30"]
[EventType "swiss"]
[EventRounds "9"]
[EventCountry "AUT"]
[SourceTitle "CBM 161 Extra"]
[Source "ChessBase"]
[SourceDate "2014.08.29"]
[SourceVersion "1"]
[SourceVersionDate "2014.08.29"]
[SourceQuality "1"]

1. e4 e5 2. Nf3 Nc6 3. d4 exd4 4. Nxd4 Nf6 5. Qd3 Bc5 6. Be3 Ne5 7. Qd1 d6 8. Be2 Nxe4 9. 0-0 0-0 10. h3 Qf6 11. c3 Qg6 12. Kh1 f5 13. Re1 f4 14. Bc1 Nxf2+ 15. Kg1 Nxd1 16. Rxd1 Bxh3 17. Kf1 Qxg2+ 18. Ke1 f3 19. Kd2 Bxd4 20. Re1 fxe2 21. Rxe2 Rf2 22. Rxf2 Qxf2+ 23. Kd1 Bg4# 0-1